00809nam a22002417a 450000500170000001000110001702000210002803500110004903700160006004000120007608200130008810000260010124500810012726000350020827000390024330000260028265000290030865000400033770000260037794200220040399900190042595201230044420170124110240.0 a994935 c00.00a571060277 a994935 bCen Lib/Ret aDPLbEN a731bSLA aSlade, Richard994575 aMasks and how to make them /cby Richard Slade ; illustrated by Clive Kidder aLondon bFaber and Faberc1969 bLondon a24 Russell Sqaure eW.C.1 a47p.:c23cm(Hb)bill. aMasks (Sculpture)994576 aMasks (Sculpture) -- designs994577 aKidder, Clive 994578 2ddccENh731mSLA c135134d135134 001040718REFaLbLd2015-10-01eCen Lib/Retg0.00l0o731 SLAp994935r2015-10-01 00:00:00t1v0.00w2015-10-01yEN